000 00525nam a22001937a 4500
003 LK-CoMWRAF
005 20240701134133.0
008 240701b2008 |||||||| |||| 00| 0 eng d
020 _a9789551947002
040 _aLK-CoMWRAF
_dLK-CoMWRAF
_eLK-CoMWRAF
041 _aeng
082 _a923.7
_bCON
245 _aA convocation of memories on deshabandu Dr. Wimala de Silva
260 _b[Colombo]:
_c2008
300 _avi, 151 p.;21 cm
650 _aEDUCATIONISTS-Sri Lanka
700 _aFernando, Dinali
_eed.
942 _cBK
999 _c4954
_d4954